00209nam a2200061Ia 4500245005200000100005400052008004100106 0aEntrepreneurship : a South African perspective  a Nieuwenhuizen, Cecile Pretoria, 2009 2nd ed 210817s9999 xx 000 0 und d